|
|
|
|
| LEADER |
00000nam a2200000 a 4500 |
| 001 |
UCR9936 |
| 003 |
CL-VaPUC |
| 008 |
980619e19740000MX |||||||||||||||||spa|d |
| 082 |
0 |
4 |
|a 302.23
|b MCL
|2 21
|
| 100 |
|
|
|a McLuhan, Marshall
|e autor
|9 311459
|
| 245 |
1 |
3 |
|a La cultura es nuestro negocio
|
| 300 |
|
|
|a 399 p
|
| 942 |
|
|
|c BK
|
| 945 |
|
|
|d 19980619 00:00:00
|a crobeson
|
| 260 |
|
|
|a Ciudad de México
|b Diana
|c 1974
|
| 650 |
|
7 |
|a COMUNICACION DE MASAS
|2 CL-VaPUC
|9 334823
|
| 650 |
|
0 |
|a Medios de comunicación
|9 257206
|
| 650 |
|
0 |
|a Cultura de masas
|9 334655
|
| 650 |
|
7 |
|a EXPOSICION A OS MEDIOS DE COMUNICACION
|2 CL-VaPUC
|9 412962
|
| 650 |
|
7 |
|a IMPACTO DE LA COMUNICACION
|2 CL-VaPUC
|9 334456
|
| 650 |
|
7 |
|a PSICOLOGIA DE LA COMUNICACION
|2 CL-VaPUC
|9 332059
|
| 583 |
|
|
|a last modification
|c 19980619 00:00:00
|k Rodrigo Vera
|
| 999 |
|
|
|c 271107
|d 271105
|
| 952 |
|
|
|0 0
|1 0
|4 0
|6 302_230000000000000_MCL_1974
|7 0
|8 A
|9 305621
|a BIBENE
|b BIBENE
|d 2019-11-20
|i 1421360
|o 302.23 MCL 1974
|p 1421360
|r 2025-01-15
|w 2019-11-20
|y BK
|k ICO
|
| 952 |
|
|
|0 0
|1 0
|4 0
|6 302_230000000000000_MCL_1974
|7 0
|8 A
|9 305622
|a BIBENE
|b BIBENE
|d 2019-11-20
|i 143134K
|o 302.23 MCL 1974
|p 143134K
|r 2025-01-15
|w 2019-11-20
|y BK
|k ICO
|